In search of Bawa master architect of sri lanka (Record no. 6989)

000 -LEADER
fixed length control field 00276nam a2200109Ia 4500
008 - FIXED-LENGTH DATA ELEMENTS--GENERAL INFORMATION
fixed length control field 200302s9999 xx 000 0 und d
100 ## - MAIN ENTRY--PERSONAL NAME
Personal name David Robson
245 ## - TITLE STATEMENT
Title In search of Bawa master architect of sri lanka
260 ## - PUBLICATION, DISTRIBUTION, ETC.
Name of publisher, distributor, etc. Talisman Publishing
260 ## - PUBLICATION, DISTRIBUTION, ETC.
Date of publication, distribution, etc. 2016
300 ## - PHYSICAL DESCRIPTION
Extent 141
Holdings
Withdrawn status Lost status Source of classification or shelving scheme Damaged status Not for loan Permanent Location Current Location Date acquired Cost, normal purchase price Full call number Barcode Date last seen Price effective from Koha item type
          BMS College of Architecture, Design and Planning BMS College of Architecture, Design and Planning 2020-03-03 1.99 720.92 AR-UG891 2020-03-03 2020-03-03 UG Books
Copyright © 2025, The Librarian, Library and Information Centre, BMSCA D&P, Bengaluru. All Rights Reserved
web counter

Powered by Koha